Nueva reforma fiscal en México /

Сохранить в:
Библиографические подробности
Главный автор: Aguilar Gutiérrez, Genaro (autor)
Формат:
Язык:испанский
Предметы:
Метки: Добавить метку
Нет меток, Требуется 1-ая метка записи!

MARC

LEADER 00000nam^a2200000^a^4500
001 000154108
005 20250521000000.0
009 20260310100343.773
020 |a 970-701-349-4 
037 |a Acervo ITESO - Biblioteca 
041 |a ESP 
082 |a 336. 2050972  |b AGU 
100 |a Aguilar Gutiérrez, Genaro  |e (autor) 
245 1 0 |a Nueva reforma fiscal en México /  |c G. Aguilar Gutiérrez. 
264 |a México :  |b Instituto Politécnico Nacional :  |b Instituto Nacional de Administración Pública :  |b Miguel Angel Porrúa, 
336 |a texto  |b txt  |2 rdacontenido 
337 |a sin mediación  |b n  |2 rdamedio 
338 |a volumen  |b nc  |2 rdasoporte 
649 |a XX 
650 |a Déficit -  |z México 
650 |a Impuestos -  |z México 
650 |a Estabilidad Económica -  |z México 
650 |a Finanzas Públicas -  |z México 
650 |a Desarrollo Económico-Social -  |z México 
650 |a Reforma Económica -  |z México 
650 |a Política Fiscal -  |z México 
650 |a Sistema Fiscal -  |z México 
650 |a Política Económica -  |z México 
650 |a Municipios -  |z México -  |x Condiciones Económicas 
650 |a México -  |x Condiciones Económicas 
650 |a Administración Pública -  |z México 
910 |a Fondo General 
920 |a Impresos - Libros 
930 |a Colección General 
905 |a 101 
901 |a 0500086121  |b IT1  |c ACC  |u 20250521 
902 |a https://opac.biblio.iteso.mx/vufind/Record/000154108